000 00774nam a2200205Ia 4500
003 IN-BaIIA
008 211028s9999 xx 000 0 eng d
020 _a1-58381-074-9
040 _cIIA Library
080 _a082.2:52
_bASP-237
111 _aConference on Gravitational Lensing
_cMassachusetts
_d1999 July 25-30
_925622
245 0 _aGravitational lensing
_brecent progress and future goals; proceedings of conference held in Massachusetts, July 25-30, 1999
_cedited by T. G. Brainerd and C. S. Kochanek
260 _aCalifornia
_bAstronomical Society of the Pacific
_c2001
300 _axxi, 453p.
490 _aASP conference series; v. 237
650 _aLens
_925623
700 _aBrainerd, T. G., ed.
_925624
700 _aKochanek, C. S., ed.
_925625
942 _cBK
999 _c14432
_d14432